Word 2.0 for Windows Snadno a rychle
Uložené v:
| Hlavný autor: | |
|---|---|
| Médium: | Kniha |
| Jazyk: | Czech |
| Vydavateľské údaje: |
Praha
Grada
1994
|
| Vydanie: | 1. vyd. |
| Predmet: | |
| Tagy: |
Žiadne tagy, Buďte prvý, kto otaguje tento záznam!
|
MARC
| LEADER | 00000nam a2200000 4500 | ||
|---|---|---|---|
| 001 | c005688 | ||
| 005 | 20221205141218.4 | ||
| 020 | |a 80-7169-073-2 | ||
| 041 | 0 | |a cze | |
| 044 | |a CZ | ||
| 245 | 1 | 0 | |a Word 2.0 for Windows |b Snadno a rychle |c Michal Osif |
| 250 | |a 1. vyd. | ||
| 264 | 1 | |a Praha |b Grada |c 1994 | |
| 300 | |a 141 s. | ||
| 610 | 2 | 0 | |a procesory textové |
| 610 | 2 | 0 | |a MS Word 2.0 |
| 610 | 2 | 0 | |a MS Windows |
| 610 | 2 | 0 | |a programy počítačové |
| 610 | 2 | 0 | |a spracovanie textov |
| 100 | 1 | |a Osif, Michal | |